Normal view
MARC view
- Rain and rainfall
Entry Topical Term
001 - CONTROL NUMBER
- control field: 44013
003 - CONTROL NUMBER IDENTIFIER
- control field: NUST
005 - DATE AND TIME OF LATEST TRANSACTION
- control field: 20210314132843.0
008 - FIXED-LENGTH DATA ELEMENTS
- fixed length control field: 210314|| aca||aabn | a|a d
040 ## - CATALOGING SOURCE
- Original cataloging agency: NUST
- Transcribing agency: NUST
150 ## - HEADING--TOPICAL TERM
- Topical term or geographic name entry element: Rain and rainfall
670 ## - SOURCE DATA FOUND
- Source citation: Work cat.: (NUST): Richards, Bertram Darell, 44011, Flood estimation and control., 1955.
